|
|
|
|
| LEADER |
00562nam a2200145Ia 4500 |
| 008 |
160114b xxu||||| |||| 00| 0 eng d |
| 020 |
|
|
|a 9788184110647
|
| 082 |
|
|
|a 320.84
|
| 100 |
|
|
|a Minimol, M. C.
|
| 245 |
|
|
|a E-Governance and rural self government /
|c By M.C. Minimol
|
| 260 |
|
|
|a New Delhi :
|b Sonali Publications,
|c 2007.
|
| 300 |
|
|
|a 288 p.
|
| 942 |
|
|
|c BK
|
| 999 |
|
|
|c 144009
|d 144009
|
| 952 |
|
|
|0 0
|1 0
|4 0
|6 320_840000000000000_MIN_E
|7 0
|9 153330
|a LIS
|b LIS
|c ST1
|d 2011-09-01
|e Southern Book Star TVM
|g 800.00
|i 02765
|l 0
|o 320.84 MIN/E
|p LIS2765
|r 2016-07-26
|w 2016-07-26
|x SBS-T/0289
|y BK
|